Single adults in an African city : (Record no. 9757)

MARC details
000 -LEADER
fixed length control field 00784nam a22002292 4500
001 - CONTROL NUMBER
control field 0000023244
005 - DATE AND TIME OF LATEST TRANSACTION
control field 20151217152238.0
008 - FIXED-LENGTH DATA ELEMENTS--GENERAL INFORMATION
fixed length control field 120911s xx 000 0 eng d
020 ## - INTERNATIONAL STANDARD BOOK NUMBER
International Standard Book Number 9966936076 :
040 ## - CATALOGING SOURCE
Original cataloging agency KABU
Transcribing agency KABU
100 1# - MAIN ENTRY--PERSONAL NAME
Personal name Nguru, Faith.
-- 0000182592
245 10 - TITLE STATEMENT
Title Single adults in an African city :
Remainder of title nairobi christian single adults survey report /
Statement of responsibility, etc. Faith Nguru.
250 ## - EDITION STATEMENT
Edition statement 1st ed.
260 ## - PUBLICATION, DISTRIBUTION, ETC. (IMPRINT)
Place of publication, distribution, etc. Nairobi, Kenya :
Name of publisher, distributor, etc. Daystar university,
Date of publication, distribution, etc. 2007.
300 ## - PHYSICAL DESCRIPTION
Extent x, 108 p.
650 #0 - SUBJECT ADDED ENTRY--TOPICAL TERM
Topical term or geographic name as entry element Single people
Location of event Nairobi
General subdivision attitudes
Geographic subdivision Kenya.
-- 0000182593
650 #0 - SUBJECT ADDED ENTRY--TOPICAL TERM
Topical term or geographic name as entry element Christians
Location of event Nairobi
General subdivision attitudes
Geographic subdivision kenya.
-- 0000182594
650 #0 - SUBJECT ADDED ENTRY--TOPICAL TERM
Topical term or geographic name as entry element Social surveys
Location of event Nairobi
Geographic subdivision Kenya.
-- 0000182595
908 ## - PUT COMMAND PARAMETER (RLIN)
Put command parameter 120911
950 ## - LOCAL HOLDINGS (RLIN)
-- 1
Holdings
Withdrawn status Lost status Source of classification or shelving scheme Not for loan Home library Current library Date acquired Total Checkouts Full call number Barcode Date last seen Price effective from Koha item type
    Library of Congress Classification   Kabarak, Main Campus Kabarak, Main Campus 17/12/2015   HQ800.4 .K42N48 2007 c.1 013668 17/12/2015 17/12/2015 General Collection
Designed with assistance from East African Informatics Ltd